| 000 | 00410nam a2200157Ia 4500 | ||
|---|---|---|---|
| 008 | 160316s1970 xxu||||| |||| 00| 0 eng d | ||
| 082 |
_a341.552000 _bJUD |
||
| 100 | _a | ||
| 245 | _aJudgements orders and advisory opinions.Vol.2 | ||
| 250 | _areprt | ||
| 260 |
_aNendeler _bKraus _c1970 |
||
| 300 |
_a297p _b _c |
||
| 365 | _b | ||
| 650 | _a1.International Law - Judgements - Advisory opinions | ||
| 700 |
_a _a |
||
| 999 |
_c9960 _d9960 |
||